Cesty české romistiky
| Titel: | Cesty české romistiky |
|---|---|
| Verfasser: | |
| Beteiligt: | |
| In: |
Soudobé dějiny, Band 3, Heft 4 (1996), Seite 546-548 alle Artikel anzeigen |
| Veröffentlicht: | 1996 |
| Format: | Aufsatz |
| Sprache: | Tschechisch |
X
alg: 39517023 001A $01999:12-11-16 001B $01999:09-08-21 $t17:41:53.000 001C $06050:19-11-16 $t09:38:09.000 001D $01999:12-11-16 001U $0utf8 001X $00 002@ $0Aox 003@ $0395170230 007A $0395170230 $aHEB 007T $0Herdp04738 010@ $acze 011@ $a1996 021A $aCesty české romistiky 028A $aPavelčíková $dNina 028B/01 $aPavelčík $dJiří 031A $d3 $e4 $h546-548 $j1996 039B $aIn $8--Abvc--. Soudobé dějiny. - Praha : USD, 1993-. - ISSN 1210-7050 $x199600000030004454 $9048643750 039T $8--Aax--Davidová, Eva. Cesty Romů - Romano drom 1945-1990. - Olomouc : Univerzita Palackého, 1995. - 244 s. $9395463270 045F $a900.94371 $eDDC23BSB 045F/01 $a900 045F/03 $g4371 045F/03 $g4373 045T $a7,41 045T $aOST $qDE-12 $2FID lok: 39517023 78 exp: 39517023 78 1 #EPN 201B/01 $026-11-17 $t04:03:44.000 201U/01 $0utf8 203@/01 $0791476545 208@/01 $a12-11-16 $be 209A/01 $a/ $f000 $x00 220C/01 $aHerkunft: Hú Av Čr Praha 244Z/01 $#Tschechien $#Tschechische Republik $#Tschechische Republik $#Tschechenland $#Tschechei Tschechien $#Česká Republika $#Czech Republic $#ČR $74303381-7 $8--Tg1--Tschechien $x01 $9086659812 244Z/01 $2Trx $#Böhmen $#Bohemia $#Czechy $8--Trx--Čechy $x02 $9391188941 244Z/01 $2Trx $#Slowakische Republik $#Szlovák Köztársaság $#Republika Słowacka $#Slovenská Republika $#Slovensko $#Slowakei $#Słowacja $#Slovensko $8--Trx--Slovenská Republika $x03 $9391345796 244Z/01 $2Trx $#arvustused $#recenzijos $#Reviews $#recenziók $#recenzje $#recenzie $#recenze $8--Trx--Rezensionen $x04 $9391357441 247C/01 $82080>Marburg/Lahn, Herder-Institut, Forschungsbibliothek, Bibliographieportal $9336309341
| LEADER | 00000caa a22000002c 4500 | ||
|---|---|---|---|
| 001 | 395170230 | ||
| 003 | DE-603 | ||
| 005 | 20210809174153.0 | ||
| 007 | tu | ||
| 008 | 161112s1996 xx |||| | u00||u|cze c | ||
| 035 | |a (DE-599)HEB395170230 | ||
| 040 | |a DE-603 |b ger |c DE-603 |d DE-603 | ||
| 041 | |a cze | ||
| 082 | 0 | 4 | |8 1\u |a 900.94371 |q DE-101 |2 23/BSB |
| 084 | |a 7,41 |2 ssgn | ||
| 084 | |a OST |q DE-12 |2 fid | ||
| 085 | |8 1\u |b 900 | ||
| 085 | |8 1\u |z 2 |s 4371 | ||
| 085 | |8 1\u |z 2 |s 4373 | ||
| 100 | 1 | |a Pavelčíková, Nina | |
| 245 | 0 | 0 | |a Cesty české romistiky |
| 264 | 0 | |c 1996 | |
| 700 | 1 | |a Pavelčík, Jiří | |
| 773 | 0 | 8 | |i In |t Soudobé dějiny |d Praha : USD, 1993- |x 1210-7050 |g Band 3, Heft 4 (1996), Seite 546-548 |w (DE-603)048643750 |w (DE-600)1181942-X |
| 787 | 0 | 8 | |i Rezension von |a Davidová, Eva |t Cesty Romů - Romano drom 1945-1990 |d Olomouc : Univerzita Palackého, 1995 |h 244 s. |w (DE-603)395463270 |
| 924 | 0 | |9 2080 |a (DE-603)791476545 |b DE-2080 |c HES |d d |g / | |


